Bilecik Bilecik Bilecik Bilecik Bilecik

Uluslararası "Avrupa Birliği'ne giriş sürecinde KOBİ'ler : (Record no. 58219)

MARC details
000 -BAŞLIK
Sabit Uzunluktaki Kontrol Alanı 01158nam a22002897a 4500
001 - KONTROL NUMARASI
Control Dosyası 0058415
003 - KONTROL NUMARASI KİMLİĞİ
Kontrol Alanı KOHA_MİRAKIL
005 - EN SON İŞLEM TARİHİ ve ZAMANI
Kontrol Alanı 20260207004153.0
007 - FİZİKSEL TANIM SABİT ALAN - GENEL BİLGİ
Sabit uzunluklu kontrol alanı ta
008 - SABİT UZUNLUKTAKİ VERİ ÖGELERİ - GENEL BİLGİ
Sabit Alan 160615b2005 tu |||gro|||#1|||0|tur |
040 ## - KATALOGLAMA KAYNAĞI
Özgün Kataloglama Kurumu TR-BiSEU
Kataloglama Dili tur
Çeviri Kurumu TR-BiSEU
Açıklama Kuralları rda
041 0# - DİL KODU
Metin ya da ses kaydının dil kodu tur
044 ## - YAYINLAYAN/ÜRETEN KURULUŞUN ÜLKE KODU
ISO country code tu
050 ## - SINIFLAMA ve YER NUMARASI
Sınıflama Numarası HD2346.A7
Yer Numarası U48 2005
111 2# - TOPLANTI ADI
Toplantı Adı Uluslararası Avrupa Birliği'ne Giriş Sürecinde KOBİ'ler : Türkiye ve Benzer Ülke Deneyimleri Sempozyumu (2005 : Bandırma)
9 (RLIN) 108154
245 1# - ESER ADI BİLDİRİMİ
Başlık Uluslararası "Avrupa Birliği'ne giriş sürecinde KOBİ'ler :
Alt Eseradı vb. Türkiye ve benzer ülke deneyimleri" sempozyumu, 19-22 Mayıs 2005, Eken Prestige Otel, Bandırma.
264 #1 - ÜRERİM, YAYIN, DAĞITIM ve TELİF BİLDİRİMİ
Yayın yeri Bandırma :
Yayınlayan Balıkesir Üniversitesi
Yayın tarihi 2005
300 ## - FİZİKSEL TANIMLAMA
Sayfa, Cilt vb. V, 617 sayfa ;
Boyutları 28 cm.
336 ## - İÇERİK TÜRÜ
Content type term metin
Content type code txt
Source rdacontent
337 ## - MEDYA TÜRÜ
Media type term aracısız
Media type code n
Source rdamedia
338 ## - TAŞIYICI TÜRÜ
Carrier type term cilt
Carrier type code nc
Source rdacarrier
500 ## - GENEL NOT
Genel Not Kapak adı: Uluslararası "Avrupa Birliği'ne giriş sürecinde KOBİ'ler : Türkiye ve benzer ülke deneyimleri" sempozyumu.
500 ## - GENEL NOT
Genel Not Kaynakça var.
650 #0 - KONU BAŞLIĞI EK GİRİŞ - KONU TERİMİ
Konusal terim veya coğrafi ad Küçük işletmeler--Türkiye--Kongreler.
9 (RLIN) 19736
907 ## - LOCAL DATA ELEMENT G, LDG (RLIN)
a Sempozyum
942 ## - EK GİRİŞ ÖGELERİ (KOHA)
Source of classification or shelving scheme Library of Congress Classification
Koha item type Book
Holdings
Materyal Türü Kalıcı Konum Mevcut Konum Raf Yeri Sınıflandırma Kaynağı Edinim Bilgisi Ana Konular Alt Konular Yer Numarası Demirbaş Numarası Fatura Tarihi Geri Çekilme Durumu Kayıp Durumu Hasarlı Durumu Kredi için değil Kayıt Tarih Toplam Ödünçverme Son Görülme Tarihi Son Kontrol Tarihi Genel / Bağış Notu
Book Prof. Dr. Azmi Özcan Kütüphanesi Prof. Dr. Azmi Özcan Kütüphanesi Uluğbey Salonu Library of Congress Classification Bağış SOSYAL BİLİMLER Endüstriler, Arazi Kullanımı, İşgücü HD2346.A7 U48 2005 0058415 02/02/2026         15/06/2016   05/12/2024 05/12/2024 Genel Bağış